| 000 | 00525nam a22001457a 4500 | ||
|---|---|---|---|
| 080 | _a34 (37) So 78 | ||
| 100 |
_4aut _aSoto Villaflor, Raúl |
||
| 245 | _aScientia Iure Civile | ||
| 300 | _a150 P. | ||
| 500 | _aDirector de tesis: Di Pietro, Alfredo Gustavo. | ||
| 502 | _aTesis ()--Universidad Nacional de Mar del Plata. Facultad de Derecho. Departamento de Posgrado, 2015. | ||
| 650 |
_2IEDCYT _aius civile _aSanto Tomás _aderecho romano _aSavigny _aIhering _aScientia Iure Civile |
||
| 945 |
_acd _d2017-06-07 |
||
| 999 |
_c4474 _d234978 |
||